| 000 | 01006nam a22003017a 4500 | ||
|---|---|---|---|
| 003 | CHAP | ||
| 005 | 20220329135804.0 | ||
| 008 | 971013s1935 r 00010 d | ||
| 010 | _a42169 | ||
| 011 | _a43141 | ||
| 035 | _a47277 | ||
| 040 | _cCHAP | ||
| 082 |
_a352.072 _bM47 1934 |
||
| 110 |
_aMéxico. Dirección General de Estadística _976986 |
||
| 245 | _aDivisión municipal de las entidades federativas en 1934 | ||
| 260 |
_aMéxico, D.F. : _bLa Dirección, _c1935 |
||
| 300 | _a243 p | ||
| 590 |
_aBATCH-UPD _b10 _c20130110 _lUCH01 _h0139 |
||
| 590 |
_aBATCH-UPD _b10 _c20130110 _lUCH01 _h2200 |
||
| 590 |
_aBATCH-UPD _b10 _c20130410 _lUCH01 _h1508 |
||
| 590 |
_aBATCH-UPD _b10 _c20130914 _lUCH01 _h0943 |
||
| 590 |
_aCONVERSION _b10 _c20130109 _lUCH01 _h1323 |
||
| 650 | 1 | 4 |
_aCiudades y pueblos _xAguascalientes. _923508 |
| 650 | 1 | 4 |
_aMéxico _xDivisiones administrativas y políticas. _976741 |
| 901 | _aBK | ||
| 942 | _cLIBRO | ||
| 949 |
_a352.072 M47 1934 _bBC _cBPP _d-107476 _eBPP _h14819 _i47277 _mD _si |
||
| 999 |
_c42169 _d42169 |
||